| 000 | 00355nam a22001217a 4500 | ||
|---|---|---|---|
| 999 |
_c1188 _d1188 |
||
| 005 | 20200826110821.0 | ||
| 008 | 200826b ||||| |||| 00| 0 eng d | ||
| 020 | _a0582519268 | ||
| 040 | _cCML | ||
| 245 |
_aKernel One : Teachers Book. _cOneill, R. |
||
| 260 |
_aU.K _bLongman Group Ltd _c1979 |
||
| 942 |
_2ddc _cBK _e1st Edition _h428.07 _mONE |
||